000 00404nam a2200157Ia 4500
005 20250324010351.0
008 240331s9999 xx 000 0 und d
082 _bPUR
_a894
100 _aSwaminathayar, U.V
245 0 _aPurananooru moolamum uraiyum
250 _a6th
260 _aThanchavoor
_bMaru Thondri Achagam
_c1985
300 _a682 p .,
500 _aPura naanuru moolamum uraium
942 _cL
999 _c4116
_d4116